000 00669nam a2200181 i 4500
001 84984
003 ES-MaACL
007 t|
008 041124s1948 mx ||||1| spa d
100 1 _aJones, Clarence Fielden.
_966830
245 1 0 _aGeografía económica /
_cpor Clarence Fielden Jones ; en colaboración con Gordon Gerald Darkenwald ; versión española de Teodoro Ortiz.
250 _a[2ª ed. en español].
260 _aMéxico :
_bFondo de Cultura Económica,
_c[1948] (
_fGráf. Panamericana)
300 _a698 p. :
_bil. ;
_c24 cm.
700 1 _aDarkenwald, Gordon Gerald.
_942730
700 1 _aOrtiz, Teodoro.
_987575
852 _aES-MaACL
_jB-2273
_bR.26937
999 _c84984
_d84984